000 00801nam a2200265 a 4500
001
003 DO-SdBNP
005 20211011104219.0
007 ta
008 140605s 2003 dr a 000 0 spa d
020 _a9993423483
040 _aDO-SdBNP
_bspa
_cBPMSU
082 4 _aRD398.24
_bP426L 2003
_222
100 1 _aPeralta Germán, Humberto,
_d1962-
245 1 0 _aLuciernin :
_bfábula trascendental /
_cHumberto Peralta Germán.
260 _aSanto Domingo :
_bAmigo del hogar,
_c2003.
300 _a233 p. :
_bil. ;
_c22 cm.
500 _aIncluye datos biográficos del autor en la solapa de la cubierta
590 _aInventariado, 2021/BT
650 4 _aFábulas dominicanas
650 4 _aLiteratura dominicana
650 4 _aLuciérnagas
_vCuentos.
910 _aVMateo V.
942 _2ddc
_cBK
999 _c13782
_d13782